Statistics for Australian Airport Codes

Click here to take the quiz!

General Stats

  • This quiz has been taken 101 times
  • The average score is 13 of 18

Answer Stats

CityAirport Code% Correct
Sydney SYD
100%
AdelaideADL
92%
PerthPER
92%
Melbourne TullamarineMEL
90%
CairnsCNS
85%
DarwinDRW
85%
Gold CoastOOL
84%
BrisbaneBNE
80%
CanberraCBR
77%
MackayMKY
74%
HobartHBA
67%
Alice SpringsASP
64%
Sunshine CoastMCY
61%
KarrathaKTA
57%
TownsvilleTSV
57%
Melbourne AvalonAVV
54%
LauncestonLST
49%
NewcastleNTL
48%

Score Distribution

Percentile by Number Answered

Percent of People with Each Score

Your Score History

You have not taken this quiz